[Event "45th Olympiad 2024"]
[Site "Budapest HUN"]
[Date "2024.09.14"]
[Round "4.17"]
[Board "3"]
[White "Egilstoft, Rogvi"]
[Black "Lupulescu, Constantin"]
[Result "1/2-1/2"]
[WhiteElo "2278"]
[BlackElo "2590"]
[PlyCount "170"]
[EventDate "2024.09.11"]
[WhiteTeam "Faroe Islands"]
[BlackTeam "Romania"]
[WhiteTeamCountry "FAI"]
[BlackTeamCountry "ROU"]

1. e4 c5 2. c3 d5 3. exd5 Qxd5 4. d4 g6 5. Be3 cxd4 6. cxd4 Bg7 7. Nf3 Qa5+ 8. Nbd2 ({RR} 8. Nc3 Nh6 9. Bb5+ Bd7 10. a4 O-O 11. O-O Nf5 12. Bf4 a6 13. b4 Qd8 14. Bxd7 Qxd7 15. Ne4 Nc6 16. Nc5 Qc8 17. Rc1 Nfxd4 18. Nxd4 Nxd4 19. Be3 Rd8 20. Nxa6 Nc6 21. Qb3 bxa6 22. b5 axb5 {0-1 Fedoseev,V (2704)-Vakhidov,J (2552) Cappelle Online Blitz op 2022 (11)}) ({RR} 8. Nc3 Nh6 9. Bc4 O-O 10. O-O Nf5 11. Qb3 Nd6 12. Be2 Nd7 13. Rac1 a6 14. Bg5 Nf6 15. Bxf6 Bxf6 16. Nd5 Be6 17. Nxf6+ exf6 18. Rc5 Qxa2 19. Qb6 Rfd8 20. Nd2 Rab8 21. Ra5 {1-0 Joao Pedro,D-Luiz,O I Torneio Treinamento - ALEX 2024 (2.3)}) 8... Be6 $146 ({RR} 8... Nh6 9. Bc4 O-O 10. O-O Nf5 11. Nb3 Qb6 12. Qe2 Nc6 13. Rfd1 Nxe3 14. fxe3 e5 15. d5 e4 16. dxc6 Bg4 17. Qf2 exf3 18. gxf3 Bh6 19. Rd4 Rae8 20. Re1 Bc8 21. cxb7 Bxb7 22. e4 Bf4 23. Bd5 {0-1 Ynojosa Aponte,F (2439)-Nasanjargal,U (2323) Wch U20 52nd 2013 (5)}) 9. b4 Qd8 10. Qa4+ Nd7 11. Ne4 Bd5 12. Bd3 Ngf6 13. Nxf6+ exf6 14. O-O Bxf3 15. gxf3 O-O 16. Rac1 Nb6 17. Qb3 f5 18. a4 Bxd4 19. Bxd4 Qxd4 20. Rfd1 Qf4 21. Bf1 Rad8 22. Kh1 Rxd1 23. Rxd1 Rc8 24. a5 Nc4 25. Qc3 Nd6 26. Qd3 Rd8 27. b5 Qe5 28. a6 Qc5 29. Qd2 Qb6 30. Qe3 Qxe3 31. fxe3 bxa6 32. bxa6 Kf8 33. Kg2 Ke7 34. Rb1 Rc8 35. Rb2 Rc3 36. Kf2 Rc6 37. Be2 Kd7 38. Bd3 Kc7 39. e4 fxe4 40. fxe4 f6 41. Ke3 Rb6 42. Rxb6 Kxb6 43. Kd4 Nb5+ 44. Kd5 Nc7+ 45. Kd6 Nxa6 46. e5 fxe5 47. Kxe5 Nb4 48. Bc4 a5 49. Bg8 h6 50. Bb3 Nd3+ 51. Kf6 Nf4 52. Kg7 h5 53. Kh6 Kb5 54. Kg5 Kb4 55. Bf7 Ne2 56. Be8 Nd4 57. Kxg6 h4 58. Kh5 Nb5 59. Kxh4 a4 60. Kg4 a3 61. Bf7 Nd4 62. Ba2 Ne2 63. h4 Nc1 64. h5 Nxa2 65. h6 Nc3 66. h7 a2 67. h8=Q a1=Q 68. Qd4+ Kb5 69. Qe5+ Kc4 70. Qf4+ Kd5 71. Qf5+ Kd6 72. Qf6+ Kc5 73. Qe5+ Kc4 74. Qf4+ Kb5 75. Qe5+ Ka4 76. Qd4+ Kb3 77. Qb6+ Kc4 78. Qc6+ Kd3 79. Qf3+ Kd2 80. Qf4+ Kc2 81. Qf2+ Kc1 82. Qe3+ Kb2 83. Qf2+ Kb1 84. Qg1+ Ka2 85. Qxa1+ Kxa1 1/2-1/2

[Event "45th Olympiad 2024"]
[Site "Budapest HUN"]
[Date "2024.09.14"]
[Round "4.17"]
[Board "4"]
[White "Nisipeanu, Liviu-Dieter"]
[Black "Apol, Luitjen Akselsson"]
[Result "1-0"]
[WhiteElo "2580"]
[BlackElo "2219"]
[PlyCount "71"]
[EventDate "2024.09.11"]
[WhiteTeam "Romania"]
[BlackTeam "Faroe Islands"]
[WhiteTeamCountry "ROU"]
[BlackTeamCountry "FAI"]

1. e4 c5 2. Nf3 d6 3. Bc4 Nf6 4. d3 e6 5. O-O Be7 6. Nbd2 ({RR} 6. a4 d5 7. Bb5+ Kf8 8. e5 Ng8 9. a5 a6 10. Ba4 Qxa5 11. c4 d4 12. Nbd2 Qc7 13. Ne4 Bd7 14. Bxd7 Nxd7 15. Bf4 h6 16. h4 g6 17. b4 cxb4 18. Nxd4 Rd8 19. Qf3 Kg7 20. Nd6 Bxd6 {0-1 Carlsen,M (2830)-So,W (2752) CCT Final KO 2023 (2.22)}) 6... O-O 7. a4 d5 $146 ({RR} 7... Nc6 8. Bb3 b6 9. Re1 Bb7 10. Nf1 a6 11. Ng3 b5 12. c3 b4 13. d4 bxc3 14. bxc3 cxd4 15. cxd4 Nb4 16. d5 exd5 17. exd5 Nfxd5 18. Bb2 Bf6 19. Rb1 a5 20. Ne4 Bxb2 21. Rxb2 Nf4 22. Rd2 {½-½ Christiansen,L (2579)-Novikov,I (2509) ch-USA Seniors 2024 (2.1)}) ({RR} 7... b6 8. Re1 Bb7 9. c3 Nbd7 10. Bb3 Qc7 11. Bc2 Rac8 12. Nf1 Rfe8 13. Ng3 Ne5 14. Nxe5 dxe5 15. Qe2 Rcd8 16. h3 Ba6 17. b3 Rd7 18. Be3 Red8 19. Rad1 h6 20. Rf1 Bd6 21. Kh1 Rf8 22. Kh2 {1-0 Giri,A (2745)-Adireddy,A (2300) Titled Tue 23rd Apr Early 2024 (2)}) 8. Ba2 Nc6 9. c3 b6 10. Re1 Qc7 11. e5 Nd7 12. d4 Ba6 13. Bb1 Rfc8 14. Nf1 Nf8 15. h4 Qd8 16. h5 cxd4 17. cxd4 Nb4 18. Ne3 Rc6 19. Ra3 Rac8 20. Bd2 Bc4 21. Ng4 a5 22. Nfh2 Nd7 23. Qf3 Qf8 24. Qf4 Ba6 25. Rg3 Kh8 26. Bc3 b5 27. axb5 Bxb5 28. Rf3 Kg8 29. Qg3 Kh8 30. Bg6 fxg6 31. Rxf8+ Nxf8 32. h6 a4 33. Qf4 gxh6 34. Bxb4 Bg5 35. Qg3 Rc1 36. Nf3 1-0

[Event "45th Olympiad 2024"]
[Site "Budapest HUN"]
[Date "2024.09.14"]
[Round "4.18"]
[Board "1"]
[White "Rodshtein, Maxim"]
[Black "Ashiku, Franc"]
[Result "1-0"]
[WhiteElo "2600"]
[BlackElo "2400"]
[PlyCount "79"]
[EventDate "2024.09.11"]
[WhiteTeam "Israel"]
[BlackTeam "Albania"]
[WhiteTeamCountry "ISR"]
[BlackTeamCountry "ALB"]

1. c4 e6 2. Nf3 d5 3. g3 Nf6 4. Bg2 Bd6 5. O-O O-O 6. d4 h6 7. Qc2 Nc6 8. Bd2 $146 ({RR} 8. a3 dxc4 9. Qxc4 e5 10. dxe5 Nxe5 11. Nxe5 Bxe5 12. Nc3 c6 13. Qb3 Qe7 14. Qc2 Re8 15. Re1 Bg4 16. e4 Qe6 17. Ne2 Bh3 18. Bh1 Rad8 19. Nf4 Bxf4 20. Bxf4 Bf5 21. f3 Bg6 22. Be3 b6 {0-1 Tomasi,E (2030)-Guichard,P (2374) ch-FRA w 2023 (2.1)}) ({RR} 8. Nbd2 Re8 9. b3 e5 10. dxe5 Nxe5 11. Bb2 dxc4 12. Bxe5 Bxe5 13. Nxe5 Rxe5 14. Nxc4 Re8 15. e4 Qe7 16. e5 Nd7 17. f4 Nb6 18. Ne3 c6 19. Rae1 Bd7 20. Qd2 Rad8 21. Qa5 Nc8 22. Rd1 f6 {0-1 Dubov,D (2710)-Carlsen,M (2847) DM Carlsen-Dubov blitz 2021 (7)}) ({RR} 8. a3 Re8 9. c5 Bf8 10. b4 e5 11. dxe5 Nxe5 12. Nxe5 Rxe5 13. Bb2 Bf5 14. Qd2 Re6 15. Nc3 c6 16. Rfe1 Qe7 17. e3 Ne4 18. Nxe4 dxe4 19. h3 Qg5 20. Qe2 h5 21. Rad1 Rae8 22. Rd7 R6e7 {½-½ Rahman,S (2088)-Zia,T (2303) WALTON Rating 2023 (4.1)}) 8... Re8 9. Rd1 Bf8 10. Be1 dxc4 11. Na3 Bxa3 12. bxa3 Qe7 13. Qxc4 Qxa3 14. Ne5 Bd7 15. Rab1 Rab8 16. Nxd7 Nxd7 17. Rxb7 Na5 18. Qb4 Qxb4 19. Rxb4 Rxb4 20. Bxb4 Nc4 21. Rc1 Ndb6 22. e3 a5 23. Be1 Rc8 24. Bb7 Rb8 25. Ba6 Nd6 26. Rxc7 Nd5 27. Rc6 Rb1 28. Kf1 Nf5 29. Bd3 Ra1 30. Rc8+ Kh7 31. g4 Nb4 32. Be4 g6 33. gxf5 gxf5 34. Bc2 Kg7 35. Ke2 Rxa2 36. Bxb4 axb4 37. Kf3 Rb2 38. Bd3 Rd2 39. Bc2 Kf6 40. Rc4 1-0

[Event "45th Olympiad 2024"]
[Site "Budapest HUN"]
[Date "2024.09.14"]
[Round "4.70"]
[White "Pasko, Llambi"]
[Black "Gorshtein, Ido"]
[Result "0-1"]
[WhiteElo "2396"]
[BlackElo "2543"]
[PlyCount "148"]
[EventDate "2024.09.11"]
[WhiteTeam "Albania"]
[BlackTeam "Israel"]
[WhiteTeamCountry "ALB"]
[BlackTeamCountry "ISR"]

1. d4 Nf6 2. c4 e6 3. Nf3 d5 4. Nc3 Be7 5. Bf4 O-O 6. e3 Nbd7 7. c5 Nh5 8. Bd3 Nxf4 9. exf4 b6 10. b4 a5 11. a3 c6 12. O-O Ba6 13. g3 ({RR} 13. Qe2 Bxd3 14. Qxd3 g6 15. Rfc1 Qc7 16. g3 axb4 17. axb4 Qb7 18. Rab1 Ra3 19. Qc2 Rfa8 20. Kg2 Bf6 21. Ne2 Ra2 22. Qd1 bxc5 23. bxc5 Qa6 24. Rc2 Rxc2 25. Qxc2 Rb8 26. Rxb8+ Nxb8 27. Nc1 Nd7 {1-0 Nakamura,H (2736)-Carlsen,M (2863) Carlsen Inv Final 4 rapid 2020 (2.2)}) 13... Bxd3 14. Qxd3 Bf6 $146 ({RR} 14... b5 15. h4 Qc7 16. Kg2 Ra6 17. Rfe1 Rfa8 18. Rab1 axb4 19. axb4 Ra3 20. Qc2 Bf6 21. Rh1 R8a6 22. Ng5 Nf8 23. Nf3 Nd7 24. Ne5 Bxe5 25. fxe5 Qa7 26. Rbe1 Ra1 27. h5 Rxe1 28. Rxe1 Ra1 29. Rxa1 {0-1 Kovalenko,I (2650)-Rosen,E (2372) Titled Tuesday intern op 2nd May blitz 2015 (1)}) ({RR} 14... Ra7 15. Rfb1 Qa8 16. Qd1 Bf6 17. Ne5 Bxe5 18. fxe5 Rb8 19. Kg2 Rab7 20. f4 Qa6 21. Qf1 Qxf1+ 22. Kxf1 bxc5 23. bxc5 Rb3 24. Rxb3 Rxb3 25. Ne2 Kf8 26. Ke1 Rb2 27. Kf2 Ke7 28. Ke3 Kd8 29. Kd3 {1-0 Sultan,I (2171)-Mammadova,G (2359) 24th Dubai Open A 2024 (8.29)}) ({RR} 14... g6 15. Ne5 Nxe5 16. fxe5 Qc7 17. Na4 b5 18. Nc3 Ra7 19. Qc2 axb4 20. axb4 Rfa8 21. Qb2 Ra6 22. Rxa6 Rxa6 23. Ra1 Qa7 24. Rxa6 Qxa6 25. f4 Bf8 26. Qa2 Qxa2 27. Nxa2 Be7 28. Nc1 Kf8 29. Nb3 {0-1 Jarmula,L (2368)-Sztokbant,B (2244) Titled Tuesday intern op 4th Aug blitz 2015 (2)}) 15. Rfc1 Qc7 16. Kg2 Ra7 17. Rab1 axb4 18. axb4 Rfa8 19. Ne5 Bxe5 20. fxe5 Ra3 21. Qc2 Qb7 22. Qe2 h6 23. h4 Nf8 24. Rc2 Ng6 25. b5 bxc5 26. bxc6 Qxc6 27. Nb5 Ra1 28. Rxa1 Rxa1 29. Rxc5 Qa6 30. Rc7 Rb1 31. Nc3 Qxe2 32. Nxe2 h5 33. Ng1 Rb8 34. Nf3 f6 35. Rc6 Kf7 36. Rc7+ Kg8 37. Rc6 Kf7 38. Rc7+ Ne7 39. Ra7 Re8 40. Rc7 Kg8 41. Ra7 Nf5 42. Rb7 Ra8 43. exf6 gxf6 44. Rb6 Kf7 45. Rb7+ Kg6 46. Rb6 Ra3 47. Rb2 Ra6 48. Rc2 Ra4 49. Rd2 Rb4 50. Re2 Kf7 51. Rd2 Nd6 52. Ng1 Ne4 53. Rd3 Rb2 54. Nh3 Ke7 55. Ra3 e5 56. dxe5 fxe5 57. Ra5 Nc3 58. Ng5 e4 59. Rc5 Rc2 60. Kf1 Kd6 61. Nxe4+ dxe4 62. Rxh5 Nd1 63. Rh6+ Ke5 64. Rh5+ Ke6 65. Rh6+ Kf5 66. Rh8 Kg4 67. Rf8 Kh3 68. Ra8 Nxf2 69. h5 Nd3 70. Re8 Rf2+ 71. Kg1 Re2 72. Rf8 e3 73. h6 Rg2+ 74. Kh1 Nf2+ 0-1

[Event "45th Olympiad 2024"]
[Site "Budapest HUN"]
[Date "2024.09.14"]
[Round "4.18"]
[Board "3"]
[White "Smirin, Ilia"]
[Black "Mehmeti, Dritan"]
[Result "1-0"]
[WhiteElo "2575"]
[BlackElo "2364"]
[PlyCount "85"]
[EventDate "2024.09.11"]
[WhiteTeam "Israel"]
[BlackTeam "Albania"]
[WhiteTeamCountry "ISR"]
[BlackTeamCountry "ALB"]

1. Nf3 Nf6 2. g3 e6 3. Bg2 d5 4. O-O c5 5. d3 Nc6 6. Nbd2 Be7 7. e4 O-O 8. e5 Nd7 9. Re1 b5 10. Nf1 Re8 11. h4 Bf8 ({RR} 11... f6 12. exf6 Bxf6 13. N1h2 Bb7 14. Ng4 b4 15. Bg5 Re7 16. Bxf6 gxf6 17. d4 Qf8 18. Qd2 Rae8 19. a3 Rg7 20. Bh3 f5 21. Nge5 Ndxe5 22. dxe5 f4 23. g4 d4 {½-½ Hracek,Z (2480)-Stangl,M (2475) Brno 1992 (4)}) 12. Bf4 $146 ({RR} 12. N1h2 b4 13. Ng5 h6 14. Qh5 g6 15. Qe2 Ndxe5 16. Bf4 Bg7 17. Ngf3 Nxf3+ 18. Nxf3 e5 19. Bc1 Bg4 20. Qe3 Nd4 21. Nxd4 cxd4 22. Qd2 a5 23. a3 Qd6 24. c3 dxc3 25. bxc3 bxc3 26. Qxc3 e4 {0-1 Lenoir Ibacache,G (2225)-De Boer,E (2293) Titled Tue 9th May Early 2023 (2)}) 12... Bb7 13. h5 h6 14. N1h2 b4 15. g4 f6 16. exf6 Qxf6 17. Qc1 e5 18. Bg3 Nd4 19. Nh4 e4 20. c3 Ne6 21. dxe4 dxe4 22. Bxe4 Bxe4 23. Rxe4 Ng5 24. Rxe8 Rxe8 25. cxb4 Re4 26. Qd1 Qxb2 27. bxc5 Bxc5 28. Qd5+ Kh7 29. Qf5+ Kg8 30. Qd5+ Kh7 31. Rf1 Qd4 32. Qf5+ Kg8 33. N2f3 Qd3 34. Kg2 Nxf3 35. Nxf3 Bf8 36. g5 Re3 37. Qg4 Re4 38. Rd1 Qxd1 39. Qxe4 hxg5 40. Qe6+ Kh8 41. Qf7 Bc5 42. h6 gxh6 43. Be5+ 1-0

[Event "45th Olympiad 2024"]
[Site "Budapest HUN"]
[Date "2024.09.14"]
[Round "4.18"]
[Board "4"]
[White "Veleshnja, Zino"]
[Black "Postny, Evgeny"]
[Result "0-1"]
[WhiteElo "2294"]
[BlackElo "2577"]
[PlyCount "76"]
[EventDate "2024.09.11"]
[WhiteTeam "Albania"]
[BlackTeam "Israel"]
[WhiteTeamCountry "ALB"]
[BlackTeamCountry "ISR"]

1. d4 Nf6 2. c4 e6 3. Nc3 Bb4 4. g3 Bxc3+ 5. bxc3 d6 6. Nf3 O-O 7. Bg2 Nc6 8. O-O Rb8 9. Qd3 ({RR} 9. Nd2 Na5 10. e4 b6 11. Re1 Ba6 12. c5 dxc5 13. e5 Nd7 14. Ne4 Bb7 15. Bg5 Qe8 16. Qg4 Bxe4 17. Bxe4 f5 18. exf6 Nxf6 19. Bxf6 Rxf6 20. d5 Kh8 21. Bg2 e5 22. f4 e4 23. Rxe4 Qf8 {1-0 Harikrishna,P (2672)-Megaranto,S (2522) Asia-chT 16th Tata Steel 2009 (3)}) 9... b6 10. Nd2 Qd7 11. c5 $146 ({RR} 11. f4 Ba6 12. f5 Na5 13. Ne4 Nxe4 14. Bxe4 Bxc4 15. Qc2 f6 16. fxe6 Qxe6 17. Bxh7+ Kf7 18. Rf3 Qd5 19. Qg6+ Ke7 20. Qxg7+ Rf7 21. Qg6 Rh8 22. Bg8 Qh5 23. Qxh5 Rxh5 24. Bxf7 Kxf7 25. e4 Be2 {1-0 Korobkov,P (2393)-Valiyev,S (2324) Aeroflot Open A 2024 (6.67)}) 11... bxc5 12. dxc5 Ne5 13. Qd4 Bb7 14. cxd6 Bxg2 15. Kxg2 cxd6 16. Nf3 Nc6 17. Qh4 Ne7 18. Rd1 Nf5 19. Qh3 Ne4 20. g4 Ne7 21. Ng5 Nxg5 22. Bxg5 Ng6 23. Qg3 f6 24. Be3 e5 25. f3 Rfc8 26. Qe1 Rb2 27. Rd2 Rxd2 28. Qxd2 Ne7 29. Rd1 d5 30. Bf2 Qc6 31. Qe3 a6 32. Rd3 d4 33. Qc1 Nd5 34. e3 dxc3 35. Qc2 Qc4 36. a3 Rb8 37. Rd1 Rb2 38. Qc1 Qe2 0-1

[Event "45th Olympiad 2024"]
[Site "Budapest HUN"]
[Date "2024.09.14"]
[Round "4.19"]
[Board "1"]
[White "Greet, Andrew N"]
[Black "Naiditsch, Arkadij"]
[Result "0-1"]
[WhiteElo "2405"]
[BlackElo "2643"]
[PlyCount "78"]
[EventDate "2024.09.11"]
[WhiteTeam "Scotland"]
[BlackTeam "Bulgaria"]
[WhiteTeamCountry "SCO"]
[BlackTeamCountry "BUL"]

1. c4 e5 2. Nc3 d6 3. Nf3 f5 4. g3 Be7 5. d3 Nf6 6. Bg2 O-O 7. O-O a5 8. a3 Qe8 ({RR} 8... c6 9. c5 h6 10. cxd6 Bxd6 11. e4 fxe4 12. dxe4 Be6 13. Nh4 Bc4 14. Re1 Bc5 15. Be3 Qxd1 16. Raxd1 Bxe3 17. Rxe3 Na6 18. Ng6 Rfe8 19. f4 Ng4 20. Ree1 Bf7 21. Nh4 Nc5 22. Nf3 Bb3 23. Rd6 {½-½ Bayramov,Z (2249)-Tsaruk,M (2480) Baku Open 2024 (6.27)}) 9. c5 ({RR} 9. Rb1 Qh5 10. b4 axb4 11. axb4 f4 12. Nd5 Nxd5 13. cxd5 Na6 14. b5 Nc5 15. d4 exd4 16. Nxd4 fxg3 17. hxg3 Bg4 18. b6 cxb6 19. Rxb6 Ra2 20. Bf3 Bxf3 21. Nxf3 Rf5 22. Be3 Rxd5 23. Qb1 Rxe2 {½-½ Xiong,J (2710)-Caruana,F (2806) Saint Louis Blitz 2021 (13)}) 9... Kh8 10. cxd6 cxd6 11. e4 $146 ({RR} 11. Bg5 Nc6 12. Bxf6 Bxf6 13. Nd5 Rb8 14. Nd2 b5 15. Rc1 Ne7 16. Nb3 Nxd5 17. Bxd5 a4 18. Na5 Be6 19. Bxe6 Qxe6 20. Qd2 f4 21. Qb4 Bg5 22. Rc6 Rf6 23. Qe4 fxg3 24. hxg3 Bd2 25. Ra6 Bxa5 {1-0 Malaczek,M (2036)-Wnek,F (1955) Ustron op-B 2020 (4)}) 11... Nc6 12. Re1 f4 13. gxf4 exf4 14. Bxf4 Bg4 15. h3 Bh5 16. Be3 Nd7 17. Nd5 Nde5 18. Bf4 Bg5 19. Bxe5 Nxe5 20. Nxg5 Bxd1 21. Raxd1 h6 22. d4 Nc4 23. b3 Nxa3 24. Nc7 Qg6 25. Nge6 Rf7 26. Nxa8 Qxe6 27. e5 d5 28. Rc1 Nb5 29. Red1 b6 30. Rc2 Ra7 31. Nxb6 Qxb6 32. Rc8+ Kh7 33. Bxd5 Nxd4 34. Kh1 g6 35. Re1 Qb5 36. Bg2 Qxb3 37. Rd8 Nf3 38. Rc1 Nh4 39. e6 Nxg2 0-1

[Event "45th Olympiad 2024"]
[Site "Budapest HUN"]
[Date "2024.09.14"]
[Round "4.19"]
[Board "2"]
[White "Petrov, Martin"]
[Black "Olson, Hamish"]
[Result "1-0"]
[WhiteElo "2536"]
[BlackElo "2384"]
[PlyCount "83"]
[EventDate "2024.09.11"]
[WhiteTeam "Bulgaria"]
[BlackTeam "Scotland"]
[WhiteTeamCountry "BUL"]
[BlackTeamCountry "SCO"]

1. e4 e5 2. Nf3 Nc6 3. Bc4 Nf6 4. d3 Bc5 5. O-O d6 6. c3 a6 7. a4 Ba7 8. Re1 O-O 9. h3 b5 10. Ba2 ({RR} 10. Bb3 b4 11. Nbd2 bxc3 12. bxc3 Na5 13. Bc2 Rb8 14. Nf1 Be6 15. Bg5 h6 16. Bh4 g5 17. Nxg5 hxg5 18. Bxg5 Kg7 19. Qf3 Rh8 20. Ne3 Rb2 21. Re2 Kg6 22. Nf5 Kxg5 23. Qg3+ Kh5 24. Bd1 Bxf5 {1-0 Vachier Lagrave,M (2778)-Aronian,L (2765) Saint Louis Blitz 2019 (9)}) 10... h6 11. Nbd2 b4 12. Nf1 bxc3 $146 ({RR} 12... a5 13. Ne3 Rb8 14. Bc4 Be6 15. Nh2 bxc3 16. bxc3 Bxe3 17. Rxe3 Bxc4 18. dxc4 Ne7 19. Qe2 Ng6 20. Rf3 Nd7 21. Ng4 Nc5 22. g3 Qd7 23. Bxh6 Qc6 24. Re1 gxh6 25. Nxh6+ Kh7 26. Nf5 Rh8 27. Re3 {1-0 Przybylski,W (2321)-Oyama,A (2197) Titled Tuesday intern op 7th April blitz 2020 (5)}) ({RR} 12... Be6 13. Bxe6 fxe6 14. Be3 Bxe3 15. Rxe3 Rb8 16. d4 bxc3 17. bxc3 a5 18. Ng3 Rb2 19. Re2 Rb6 20. Qd3 Qd7 21. Rd2 {½-½ Santos Ruiz,M (2593)-Gustafsson,J (2620) Bundesliga 2023-24 (7.3)}) 13. bxc3 Re8 14. Ng3 Ne7 15. d4 Nc6 16. Be3 exd4 17. cxd4 d5 18. e5 Ne4 19. Nxe4 dxe4 20. Qc2 Nxd4 21. Nxd4 Bxd4 22. Rad1 c5 23. Qxe4 Be6 24. Bxe6 Rxe6 25. Bxd4 cxd4 26. Rxd4 Qf8 27. f4 Rae8 28. Kh2 f6 29. Rd5 fxe5 30. Rxe5 Rxe5 31. fxe5 Re6 32. Rd1 Qe8 33. Rd5 Qg6 34. Qf4 Qh5 35. Rc5 Kh7 36. a5 Kh8 37. Qf8+ Kh7 38. g4 Qg5 39. Qf5+ Rg6 40. Qe4 h5 41. Rc6 hxg4 42. Qxg6+ 1-0

[Event "45th Olympiad 2024"]
[Site "Budapest HUN"]
[Date "2024.09.14"]
[Round "4.19"]
[Board "3"]
[White "Waldhausen Gordon, Frederick"]
[Black "Petkov, Momchil"]
[Result "1/2-1/2"]
[WhiteElo "2351"]
[BlackElo "2540"]
[PlyCount "81"]
[EventDate "2024.09.11"]
[WhiteTeam "Scotland"]
[BlackTeam "Bulgaria"]
[WhiteTeamCountry "SCO"]
[BlackTeamCountry "BUL"]

1. c4 Nf6 2. Nf3 g6 3. Nc3 Bg7 4. e4 d6 5. d4 O-O 6. Be2 e5 7. dxe5 dxe5 8. Qxd8 Rxd8 9. Bg5 Re8 10. Nd5 Nxd5 11. cxd5 c6 12. dxc6 Nxc6 13. O-O f5 $146 ({RR} 13... Bg4 14. h3 Bxf3 15. Bxf3 Nd4 16. Rfc1 Rac8 {½-½ Kholmov,R-Nezhmetdinov,R Bucharest Int 04th 1954 (15)}) ({RR} 13... Nd4 14. Nxd4 exd4 15. Bd3 Be6 16. Rac1 Rac8 17. a3 a6 18. Rxc8 Rxc8 19. Rc1 Rxc1+ 20. Bxc1 b5 21. Kf1 Bb3 22. Ke2 Kf8 23. Bd2 Ke7 24. Bb4+ Kd7 25. g3 Kc6 26. f4 Kb6 27. Kd2 a5 28. Be7 {½-½ Ratushnyi,V (1959)-Babiy,I (2279) 6th Bamberg Open 2024 (4.14)}) ({RR} 13... Bg4 14. Rfd1 Bxf3 15. Bxf3 Nd4 16. Kf1 Rac8 17. Rac1 b6 18. Be3 Red8 19. Rxc8 Rxc8 20. Rc1 Rxc1+ 21. Bxc1 Kf8 22. Be2 Ke7 23. Bc4 f6 24. f3 Kd6 25. Bg8 h6 26. Bd2 a5 27. Ke1 Kc5 28. Kd1 {½-½ Prohorov,O (2086)-Krzywda,A (2152) Titled Tuesday intern op 01st Dec blitz 2020 (9)}) 14. Bc4+ Be6 15. Bxe6+ Rxe6 16. Be3 Bf6 17. Rfd1 f4 18. Bc5 g5 19. h3 b6 20. Ba3 Nd4 21. Kf1 Rc8 22. Rac1 Rxc1 23. Rxc1 Rc6 24. Rxc6 Nxc6 25. Ke2 Kf7 26. Kd3 b5 27. Bc5 h6 28. Bd6 a6 29. Kc3 h5 30. g4 hxg4 31. hxg4 Ke6 32. Bc5 Bd8 33. Kd3 Kf6 34. a3 Be7 35. Bxe7+ Nxe7 36. Kc3 Nc6 37. b3 Kg6 38. Ne1 Kf6 39. Nf3 Kg6 40. Ne1 Kf6 41. Nf3 1/2-1/2

[Event "45th Olympiad 2024"]
[Site "Budapest HUN"]
[Date "2024.09.14"]
[Round "4.19"]
[Board "4"]
[White "Grigorov, Grigor"]
[Black "Gourlay, Iain"]
[Result "1/2-1/2"]
[WhiteElo "2514"]
[BlackElo "2296"]
[PlyCount "65"]
[EventDate "2024.09.11"]
[WhiteTeam "Bulgaria"]
[BlackTeam "Scotland"]
[WhiteTeamCountry "BUL"]
[BlackTeamCountry "SCO"]

1. Nf3 d5 2. g3 e6 3. Bg2 Nf6 4. c4 Bd6 5. d4 O-O ({RR} 5... h6 6. O-O O-O 7. Nc3 Nc6 8. b3 dxc4 9. bxc4 e5 10. e3 Re8 11. Bb2 exd4 12. exd4 Bf5 13. Nb5 Be7 14. Qb3 Na5 15. Qc3 c6 16. Na3 b5 17. c5 Nd5 18. Qc1 Bg5 19. Nxg5 hxg5 20. Re1 {1-0 Ponomariov,R (2646)-Andersen,M (2598) 57th Capablanca Mem Elite 2024 (5.3)}) 6. Bg5 $146 ({RR} 6. Nbd2 Nbd7 7. c5 Be7 8. b4 Ne4 9. Bb2 f5 10. O-O Bf6 11. a4 c6 12. Qc2 Qc7 13. Ra3 {½-½ Juhasz,M (2172)-Marodi,M (2144) Budapest FS06 FM-A 2005 (3)}) ({RR} 6. Nbd2 b6 7. O-O Bb7 8. b3 Nbd7 9. Bb2 Re8 10. Ne5 Qc8 11. cxd5 exd5 12. Ndf3 Bxe5 13. dxe5 Ne4 14. Qc2 c5 15. Rad1 f6 16. Bh3 fxe5 17. Bxd7 Qxd7 18. Qxe4 dxe4 19. Rxd7 Bc8 20. Rc7 exf3 {½-½ Makarian,R (2524)-Bardyk,A (2268) Titled Tue 18th Jun Early 2024 (9)}) ({RR} 6. Nc3 dxc4 7. Qa4 Bd7 8. Qxc4 Bc6 9. O-O Nbd7 10. Qd3 Re8 11. e4 e5 12. d5 Nc5 13. Qc2 Bd7 14. b4 Na6 15. a3 c6 16. dxc6 bxc6 17. Rd1 Bc7 18. Bg5 Nb8 19. Nh4 h6 20. Be3 Ng4 {1-0 Trzaska,P (2060)-Jedner,V (1700) Bochum-ch 1996}) 6... h6 7. Bxf6 Qxf6 8. c5 Be7 9. Nc3 b6 10. e4 bxc5 11. exd5 Bb7 12. O-O Rd8 13. dxe6 fxe6 14. Re1 cxd4 15. Qb3 dxc3 16. Qxb7 Nd7 17. bxc3 Nc5 18. Qc6 Rab8 19. Rad1 Bd6 20. Nd4 Rb2 21. Re2 Rdb8 22. Rdd2 R2b6 23. Qf3 Rb1+ 24. Bf1 Qxf3 25. Nxf3 Rc1 26. Rc2 Rbb1 27. Rxc1 Rxc1 28. Nd4 Kf7 29. Kg2 e5 30. Nc6 e4 31. Nxa7 Rxc3 32. Nb5 Rc1 33. Rd2 1/2-1/2

[Event "45th Olympiad 2024"]
[Site "Budapest HUN"]
[Date "2024.09.14"]
[Round "4.20"]
[Board "1"]
[White "Kozak, Adam"]
[Black "Tran, Thanh Tu"]
[Result "0-1"]
[WhiteElo "2609"]
[BlackElo "2387"]
[PlyCount "132"]
[EventDate "2024.09.11"]
[WhiteTeam "Hungary B"]
[BlackTeam "Japan"]
[BlackTeamCountry "JPN"]

1. d4 Nf6 2. c4 e6 3. Nc3 Bb4 4. e3 O-O 5. Bd3 d5 6. a3 Bxc3+ 7. bxc3 dxc4 8. Bxc4 c5 9. Ne2 Nbd7 ({RR} 9... b6 10. O-O Qc7 11. Ba2 Rd8 12. Bb2 Ba6 13. Rc1 Nc6 14. c4 cxd4 15. exd4 Ng4 16. Ng3 Qf4 17. h3 Nf6 18. Ne2 Qh4 19. Qa4 Bb7 20. Qb3 Rac8 21. Rfd1 Na5 22. Qg3 Qxg3 23. Nxg3 Ba6 24. c5 {0-1 Rakhmanov,A (2653)-Mamedyarov,S (2799) Wch Rapid Riadh 2017 (1)}) 10. O-O ({RR} 10. Ba2 b6 11. O-O Bb7 12. f3 Rc8 13. e4 e5 14. d5 Ne8 15. Ng3 Nd6 16. Be3 Ba6 17. Rf2 c4 18. f4 f6 19. f5 Nc5 20. Bxc5 Rxc5 21. Qf3 Bb5 22. Nf1 Be8 23. Ne3 Qc7 24. g4 Kf7 {½-½ Gubanov,O (2285)-Sheahan,B (2008) Sligo Masters 2024 (2.1)}) 10... e5 11. Bb2 $146 ({RR} 11. a4 Qc7 12. Ba2 b6 13. Ba3 Ba6 14. c4 Rfe8 15. d5 e4 16. Ng3 Qe5 17. Qc2 Qg5 18. Rae1 h5 19. f4 exf3 20. gxf3 h4 21. Qf5 Re5 22. Qh3 hxg3 23. f4 Qh5 24. Qxh5 Rxh5 25. hxg3 Ne4 {0-1 Fradkin,B (2405)-Luther,T (2410) Sverdlovsk 1989}) ({RR} 11. Ba2 Qc7 12. Ng3 b6 13. e4 Ba6 14. Re1 Rad8 15. d5 c4 16. Nf5 Nc5 17. Bg5 Rd6 18. Nxd6 Qxd6 19. Bb1 Nfd7 20. Bc2 h6 21. Be3 Rc8 22. Qg4 Rc7 23. a4 Nf6 24. Qh4 Bc8 25. f3 Bd7 {1-0 Sellos,D (2410)-Roos,J (2350) FRA-chT France 1995}) 11... Qc7 12. Ba2 c4 13. a4 b6 14. f3 a6 15. Bb1 Bb7 16. e4 b5 17. Qe1 Rfe8 18. Bc2 Bc6 19. a5 Rab8 20. d5 Bb7 21. Qd2 Bc8 22. Kh1 h6 23. Ng3 Nf8 24. Ba3 Ng6 25. Bb4 Nf4 26. Rad1 g5 27. Ne2 Ng6 28. Qe3 Bd7 29. Rf2 Kh7 30. Qd2 Qa7 31. Ng3 Rg8 32. Nf1 Nf4 33. Ne3 Rbe8 34. g3 Nh3 35. Rg2 h5 36. Rf1 Rg6 37. Nd1 h4 38. g4 Nf4 39. Rgf2 Qc7 40. Ne3 Rgg8 41. Qc1 Rc8 42. Re1 Ne8 43. Qa3 Rg6 44. d6 Qa7 45. Rd2 Rc6 46. Nd5 Nf6 47. Nb6 h3 48. Bc5 Qb7 49. Kg1 Kh6 50. Be3 Ne8 51. Red1 Rf6 52. Rf2 Kg7 53. Nd5 Rfxd6 54. Rfd2 Bxg4 55. fxg4 Qd7 56. Rf1 Qxg4+ 57. Kf2 Nxd5 58. exd5 Rf6+ 59. Ke1 Rxf1+ 60. Kxf1 Rf6+ 61. Ke1 Qf3 62. Re2 Qh1+ 63. Kd2 Rf1 64. Bf2 Qxd5+ 65. Ke3 Nf6 66. Bf5 Ng4+ 0-1